Arsenal Players - Sudden Death - Statistics

General Stats
  • This quiz has been taken 317 times
  • The average score is 17 of 20
Answers on the Grid
Answers color-coded by a green-red scale on the quiz's grid according to % correct below.
Gervinho
William Saliba
Petr Čech
Sol Campbell
Thierry Henry
Ben White
Wojciech Szczęsny
Cesc Fàbregas
Mikel Arteta
Martin Ødegaard
Ian Wright
Gabriel Jesus
Samir Nasri
Robert Pirès
Aaron Ramsey
Nicolas Anelka
Granit Xhaka
Leandro Trossard
Alexandre Lacazette
Dennis Bergkamp
Yohan Cabaye
Paulo Dybala
Ousmane Dembélé
Harry Kane
Thiago Motta
Ademola Lookman
Jay-Jay Okocha
Adam Lallana
Jean-Paul Boëtius
Juan Sebastián Verón
Timo Werner
Gheorghe Hagi
 
Answer Stats
Answer % Correct
Martin Ødegaard
93%
Thierry Henry
92%
Dennis Bergkamp
89%
Gabriel Jesus
89%
Leandro Trossard
89%
William Saliba
89%
Mikel Arteta
88%
Wojciech Szczęsny
88%
Alexandre Lacazette
87%
Ben White
87%
Cesc Fàbregas
87%
Granit Xhaka
85%
Aaron Ramsey
84%
Robert Pirès
83%
Ian Wright
82%
Petr Čech
80%
Sol Campbell
80%
Nicolas Anelka
72%
Samir Nasri
72%
Gervinho
63%
No matching quizzes found
Score Distribution
Percent of People with Each Score
Percentile by Number Answered
Your Score History
You have not taken this quiz